Normal view MARC view
  • English language

Entry Topical Term

Number of records used in: 1

001 - CONTROL NUMBER

  • control field: 7481

003 - CONTROL NUMBER IDENTIFIER

  • control field: OSt

005 - DATE AND TIME OF LATEST TRANSACTION

  • control field: 20170524084252.0

008 - FIXED-LENGTH DATA ELEMENTS

  • fixed length control field: 170524|| aca||aabn | a|a d

040 ## - CATALOGING SOURCE

  • Original cataloging agency: OSt
  • Transcribing agency: OSt

150 ## - HEADING--TOPICAL TERM

  • Topical term or geographic name entry element: English language
  • Form subdivision: Problems, exercises, etc.
  • General subdivision: Grammar

670 ## - SOURCE DATA FOUND

  • Source citation: Work cat.: (OSt): Kirby, Lee, 1940- 7479, From writers to writing :, c1978
Pusat Sumber Maklumat Dato' Haji Sarmin Md Hussin, Akademi Kastam Diraja Malaysia, Melaka
Tel: 06-2331106 | Faks: 06-2313787